Normal view MARC view

Entry Personal Name

Number of records used in: 6

001 - CONTROL NUMBER

  • control field: 123869

003 - CONTROL NUMBER IDENTIFIER

  • control field: NUST

005 - DATE AND TIME OF LATEST TRANSACTION

  • control field: 20240627154232.0

008 - FIXED-LENGTH DATA ELEMENTS

  • fixed length control field: 240627|| aca||aabn | a|a d

040 ## - CATALOGING SOURCE

  • Original cataloging agency: NUST
  • Transcribing agency: NUST

100 ## - HEADING--PERSONAL NAME

  • General subdivision: PhD- Computation Science & Engineering

670 ## - SOURCE DATA FOUND

  • Source citation: Work cat.: (NUST)531601: Zafar Sadia 24497, Ph.d Thesis:Molecular Modeling Strategies to Design Novel Inhibitors of GAT1/, 2019.
© 2023 Central Library, National University of Sciences and Technology. All Rights Reserved.